MARC

LEADER 00000nam0a2200000 4500
001 62546
005 20231101212017.0
035 |a (RuTPU)RU\TPU\book\66350 
090 |a 62546 
100 |a 20040414d1990 km y0rusy50 ca 
101 1 |a rus  |c eng 
102 |a US 
105 |a a z 000zy 
200 1 |a Как же нам теперь жить ?  |e пер. с англ.  |f Ф. Шейфер 
210 |a Чикаго  |c [Б. и.]  |d 1990 
215 |a 271 с.  |c ил. 
606 1 |a Американская философия  |x США  |2 stltpush  |3 (RuTPU)RU\TPU\subj\28890  |9 52352 
606 1 |a Буржуазная идеология  |x Философия, современная  |2 stltpush  |3 (RuTPU)RU\TPU\subj\30424  |9 53534 
610 1 |a философия 
610 1 |a история 
610 1 |a культура 
610 1 |a Древний Рим 
610 1 |a средние века 
610 1 |a Возрождение 
610 1 |a реформация 
610 1 |a Просвещение 
610 1 |a наука 
686 |a Ю3(0)6-63/-68  |v LBC/SL-A  |2 rubbk 
686 |a Ю3(7)6  |v LBC/SL-A  |2 rubbk 
700 1 |a Шейфер  |b Ф.  |g Френсис 
801 1 |a RU  |b 63413507  |c 20040414  |g PSBO 
801 2 |a RU  |b 63413507  |c 20140723  |g PSBO 
899 |a 63413507 
942 |c BK